Normal view
MARC view
- Palmer, L. Edward
Entry Personal Name
001 - CONTROL NUMBER
- control field: 134235
003 - CONTROL NUMBER IDENTIFIER
- control field: NUST
005 - DATE AND TIME OF LATEST TRANSACTION
- control field: 20260422201707.0
008 - FIXED-LENGTH DATA ELEMENTS
- fixed length control field: 260422|| aca||aabn | a|a d
040 ## - CATALOGING SOURCE
- Original cataloging agency: NUST
- Transcribing agency: NUST
100 ## - HEADING--PERSONAL NAME
- Personal name: Palmer, L. Edward
670 ## - SOURCE DATA FOUND
- Source citation: Work cat.: (NUST): Palmer, L. Edward., Gre Psychology: Graduate Record Examination in Psychology (BARRON'S HOW TO PREPARE FOR THE GRE PSYCHOLOGY GRADUATE RECORD EXAMINATION IN PSYCHOLOGY) /, 1997.
